Art an Artists (Record no. 239741)

MARC details
000 -LEADER
fixed length control field 00297pam a2200133 a 4500
020 ## - INTERNATIONAL STANDARD BOOK NUMBER
Terms of availability
041 ## - LANGUAGE CODE
Language code of original
082 ## - DEWEY DECIMAL CLASSIFICATION NUMBER
Classification number 750
Item number GEH
100 ## - MAIN ENTRY--PERSONAL NAME
Personal name Ian Chilvers .
245 ## - TITLE STATEMENT
Title Art an Artists
Medium Textual Documents
260 ## - PUBLICATION, DISTRIBUTION, ETC.
Place of publication, distribution, etc. England
Name of publisher, distributor, etc. Oxford University Press
300 ## - PHYSICAL DESCRIPTION
Extent 513:
Other physical details paper.
930 ## - EQUIVALENCE OR CROSS-REFERENCE-UNIFORM TITLE HEADING [LOCAL, CANADA]
Uniform title 5951
Holdings
Withdrawn status Lost status Damaged status Not for loan Collection Home library Current library Date acquired Source of acquisition Cost, normal purchase price Total Checkouts Full call number Barcode Date last seen Copy number Price effective from Koha item type
          College of Fine Arts, Pune College of Fine Arts, Pune 02/12/2010 Bhararti Sahakari Grahak Bhandar 100.00   750 GEH FAP-6277 07/03/2023 1 07/03/2023 Book